00297nam a2200121Ia 45000030006000000080041000060400015000471000011000622450053000732600020001265460012001460050017001580STCL150530s9999 xx 000 0 und d aSTCLcSTCL aTagore aSelections from the works of Rabindranath Tagore bMacmillanc1945 aEnglish20220125170630.0